Retrouve les musiques des albums de Werenoi. - Statistiques

Statistiques générales
  • Ce quiz a été pris 267 fois
  • Le résultat moyen est 34 sur 71
Statistiques - réponses
Carré % Correct
Chemin d'or
78%
Ciao
78%
Pyramide
78%
Laboratoire
74%
Mauvaise
67%
Escorte
66%
Intro Rolex
66%
Tu connais
66%
Maudit
64%
Jamal
61%
Tout seul
60%
10.03.2023
59%
3 singes
58%
CR
58%
Dans un verre
58%
Grisaille
58%
Maison hantée
58%
Solitaire
58%
Pétunias
57%
Intro Morphée
54%
All eyes on me
53%
Chemin de diamant
52%
Faf
52%
16.02.2024
50%
C63
50%
Chaleur
50%
Figaro
50%
Téléphérique
50%
Vulgaire
50%
Magot
49%
Location
47%
La vie de star
46%
Selfie
46%
Alpha
45%
3x filtré
44%
Animal
44%
Balmain
44%
Crédibilité
44%
Oméga
43%
Rude Boy
43%
5 étoiles
42%
6 étoiles
42%
Boussole
42%
FBI
42%
La famine
42%
Nos labels c'est du papel
42%
Ordinateur
42%
L'ancien
41%
Vroum Vroum
41%
Millionnaire
40%
Casse bélier
38%
En pétard
38%
Je suis en moto
38%
Moteur brûlant
38%
Picasso
38%
Satan 2
38%
Vermine
38%
7 vie la
37%
Déjà vu
37%
Le sas
37%
Ndrangheta
37%
Sale histoire
37%
Malus
36%
Bang
35%
Rolls Royce
35%
Emelyne
34%
Les codes
34%
Salaire
33%
Témoin
33%
Balkans
32%
L'or et la pierre
30%
Aucun quiz correspondant
Distribution des résultats
% des personnes avec chaque résultat
Percentile par nombre de réponses
Votre historique - résultats
Vous n’avez pas pris ce quiz